| 000 | 01080nac a22003011u 4500 | ||
|---|---|---|---|
| 999 |
_c3287 _d3287 |
||
| 003 | EG-ScBUE | ||
| 005 | 20210314110547.0 | ||
| 008 | 200219t1993 mau f b 001 0 eng d | ||
| 020 | _a0395588804 (alk. paper) | ||
| 020 | _a9780395588802 | ||
| 040 |
_aEG-ScBUE _beng _erda _cEG-ScBUE _dEG-ScBUE |
||
| 082 | 0 | 4 |
_a808.8 _bLIM _222 |
| 100 | 1 |
_aLim, Shirley, _eauthor. |
|
| 245 | 1 | 0 |
_aOne world of literature / _cShirley Geok-lin Lim, University of California at Santa Barbara, Norman A. Spencer, Nassau Community College, State University of New York. |
| 264 | 1 |
_aBoston, MA : _bHoughton Mifflin Company, _c[1993] |
|
| 264 | 4 | _cc1993 | |
| 300 |
_axxxviii, 1182 pages ; _c24 cm |
||
| 336 |
_2rdacontent _atext _btxt |
||
| 337 |
_2rdamedia _aunmediated _bn |
||
| 338 |
_2rdacarrier _avolume _bnc |
||
| 504 | _aIncludes bibliographical references and index. | ||
| 650 | 7 |
_aLiterature _xCollections. _2BUEsh |
|
| 651 | _2BUEsh | ||
| 653 |
_bHHUUEENN _cMarch2021 |
||
| 655 |
_vReading book _934232 |
||
| 700 | 1 |
_aSpencer, Norman A., _eauthor. |
|
| 942 |
_cBB _k808.8L6285 _2ddc |
||